00325nam a2200109Ia 4500008004000000020001800040082001500058100005100073245003900124260004000163300001200203210210b1995 xxu||||| |||| 00| 0 eng d a81 7100 556 x a320.5 MUKG aMUKHERJEE (Subrata) & RAMASWAMY (Sushila), Ed. aJean Jacques Rousseau (1712-1778). aNDbDeep & Deep Publications.c1995 axxx,632